• 首页
  • 本馆介绍
  • 公告通知
  • 最新文献
  • 馆藏检索
  • 电子资源
  • 读者导购
  • 参考咨询
  • 我的图书馆
  • 登录
  • 详细信息显示
  • 放入我的书架
  • 预约/预借图书
  • 作者相关作品
  • 分类相关作品
  • 丛书相关作品
  • 出版社相关作品

书目信息

  • 表格格式
  • 工作单格式
  • 卡片格式
题名:
计算机程序设计语言Pascal
    
 
作者: 国际标准化组织 提出 ;崔桐豹 , 程虎 译
分册:  
出版信息: 北京   国防工业出版社  1989.5
页数: 128页
开本: 20cm
丛书名:
单 册:
中图分类: T-651
科图分类:
主题词: 工业技术--规程 , 工业技术--标准
电子资源:
ISBN:
000 00715nam0 2200229 45
001 0312221749
005 20031222170906.8
010    @dCNY2.25
100    @a20031222d1989 km y0chiy0120 ea
101    @achi
105    @a z 000yy
200 1  @a计算机程序设计语言Pascal@AJi Suan Ji Cheng Xu She Ji Yu Yan Pascal@f国际标准化组织提出@FGuo Ji Biao Zhun Hua Zu Zhi Ti Chu@g崔桐豹,程虎译@e国际标准文本ISO7185-1983
210    @a北京@c国防工业出版社@d1989.5
215    @a128页@d20cm
606 0  @a工业技术@x规程
606 0  @a工业技术@x标准
690    @aT-651@v3
701 0  @a国际标准化组织@4提出
702 0  @a崔桐豹@4译
702 0  @a程虎@4译
801    @aCN@bTSTCL@c20031222
905    @a213230@dT-651@e72@b234131@f1
    
    计算机程序设计语言Pascal/国际标准化组织提出/崔桐豹,程虎译:国际标准文本ISO7185-1983.-北京:国防工业出版社,1989.5
    128页;20cm
    
    
    ISBN :CNY2.25
    
●
相关链接 在E读中查询图书 在五车中查询图书 在当当中查询图书 在豆瓣中查询图书


正题名:计算机程序设计语言Pascal     索取号:T-651/72         预约/预借

序号 登录号 条形码 馆藏地/架位号 状态 备注
1 0234131   001334595   第三借阅区/ [索取号:T-651/72] 在馆    
2 0234132   202107781   第二样本阅览室/ [索取号:T-651/72] 在馆    
唐山师范学院图书馆 欢迎您!
大连网信软件有限公司© 版权所有